Popularne polskie piosenki w tym tygodniu. 08-14.01. - Statystyki

Ogólne statystyki
  • Ten quiz został rozwiązany 7 razy
  • Średni wynik to 10 z 30
Statystyki odpowiedzi
Wykonawca Wyświetlenia Utwór % Poprawnych
Quebonafide feat. Daria Zawiałow 632K BUBBLETEA
57%
Sobel 1.62M Kinol
57%
Qry feat. Mini Majk 863K Mały ale wariat
57%
Wiatr feat. Sobel, Be Vis 1.29M Testarossa
57%
Guzior 2.48M BLUEBERRY
43%
Florek feat. Młodypago, Piluś 852K Buzi
43%
Kali x Major feat. PlanBe 836K California
43%
Alberto 654K Dwutakt
43%
Guzior feat. Oskar83 1.94M FALA
43%
Wac Toja 622K Kapitan
43%
BARANOVSKI 917K Lubię być z nią
43%
Kabe 1.47M Nad ranem
43%
Żabson feat. Vladimir Cauchemar 1.25M OBOK
43%
Pezet feat. Avi, Emas 641K Amber Gold
29%
ReTo 617K Billy Kid
29%
Bedoes & Lanek ft. Blu 584K Bukiet Białych Róż (SQUADSHIT #13) /
29%
Kizo feat. Trill Pem 887K Fitness
29%
Kubańczyk 589K Lady Pank 2
29%
Kali x Major 546K Mona Lisa
29%
Ronnie Ferrari 642K Szubienica
29%
Bedoes & Lanek 1.26M TOA$T /
29%
Szpaku feat. Zdechły Osa 635K Zły
29%
Major SPZ 546K BAM BAM
14%
Pezet 699K Broniewski
14%
Kabe 734K Euro
14%
Defis & MiłyPan 743K Musisz się starać
14%
PRO8L3M feat. Brodka 627K ŻAR (Tak To Robię)
14%
Dr. SWAG 562K Zerujemy 07
14%
Kartky feat. RUSKIEFAJKI 520K KRZYK
0%
Vivat 1.17M Oddam ci wszystko
0%
Nie znaleziono quizów pasujących do podanych kryteriów
Rozkład punktacji
Procent ludzi z każdym wynikiem
Percentyl według liczby udzielonych odpowiedzi
Twoja historia wyników
Nie rozwiązałeś tego quizu